Detalles MARC
| 000 -CABECERA |
| campo de control de longitud fija |
01798nam a2200241 a 4500 |
| 001 - NÚMERO DE CONTROL |
| campo de control |
000008684 |
| 005 - FECHA Y HORA DE LA ÚLTIMA TRANSACCIÓN |
| campo de control |
20250416114550.0 |
| 008 - DATOS DE LONGITUD FIJA--INFORMACIÓN GENERAL |
| campo de control de longitud fija |
090918t1997 dr a 001 0 spa d |
| 040 ## - FUENTE DE LA CATALOGACIÓN |
| Centro catalogador/agencia de origen |
DO-SdBNP |
| Lengua de catalogación |
spa |
| Centro/agencia transcriptor |
BNPHU |
| 082 ## - NÚMERO DE LA CLASIFICACIÓN DECIMAL DEWEY |
| Número de clasificación |
972.93 |
| Número de documento/Ítem |
C531s |
| 049 ## - FONDOS LOCALES (OCLC) |
| Fondos de biblioteca |
BNPD |
| 100 1# - ENTRADA PRINCIPAL--NOMBRE DE PERSONA |
| Nombre de persona |
Chez Checo, José, |
| Fechas asociadas al nombre |
1949- |
| 9 (RLIN) |
10145 |
| 245 10 - MENCIÓN DE TÍTULO |
| Título |
Sobre libros de historia 1975-1996 / |
| Mención de responsabilidad, etc. |
José Chez Checo. |
| 260 ## - PUBLICACIÓN, DISTRIBUCIÓN, ETC. |
| Lugar de publicación, distribución, etc. |
Santo Domingo : |
| Nombre del editor, distribuidor, etc. |
Amigo del Hogar, |
| Fecha de publicación, distribución, etc. |
1997. |
| 300 ## - DESCRIPCIÓN FÍSICA |
| Extensión |
150 p. : |
| Otras características físicas |
il. ; |
| Dimensiones |
20 cm. |
| 490 1# - MENCIÓN DE SERIE |
| Mención de serie |
Historia total |
| Designación de volumen o secuencia |
9 |
| 500 ## - NOTA GENERAL |
| Nota general |
Incluye bibliografía y notas al pie de páginas. |
| 505 0# - NOTA DE CONTENIDO CON FORMATO |
| Nota de contenido con formato |
Mitología y artes prehispánicas de las Antillas / |
| Mención de responsabilidad |
José Juan Arrom -- |
| Título |
Bibliografía sobre el Aje -- |
| -- |
Religión, filosofía y política en Fernando A. de Meriño: 1857-1906 / |
| Mención de responsabilidad |
Rafael Peralta Brito y José Chez Checo -- |
| Título |
El origen del mar / |
| Mención de responsabilidad |
Patricia Reid -- |
| Título |
La matanza de los haitianos : genocidio de Trujillo, 1937 / |
| Mención de responsabilidad |
Juan Manuel García -- |
| Título |
El marco histórico de la pastoral dominicana / |
| Mención de responsabilidad |
P. Antonio Camilo González -- |
| Título |
La pieza del mes : 1982-1984 / |
| Mención de responsabilidad |
Reyna Alfau -- |
| Título |
Hermanas Mercedarias de la Caridad en República Dominicana : 1910-1985, 75 años de acción apostólica / |
| Mención de responsabilidad |
Mons. Dr. Rafael Bello Peguerro, Pbro. -- |
| Título |
El pasado dominicano / |
| Mención de responsabilidad |
Frank Moya Pons -- |
| Título |
Recordando a Meriño en el primer centenario de su consagración episcopal / |
| Mención de responsabilidad |
Mons. Hugo E. Polanco Brito -- |
| Título |
Bibliografía dominicana sobre Máximo Gómez -- |
| -- |
Don Sebastián Ramírez de Fuenleal. Obispo y legislador / |
| Mención de responsabilidad |
José Luis Sáez, S.J. -- |
| Título |
Barril sin fondo. Antropología para curiosos / |
| Mención de responsabilidad |
Marcio Veloz Maggiolo -- |
| Título |
Del autor. |
| 650 #0 - PUNTO DE ACCESO ADICIONAL DE MATERIA--TÉRMINO DE MATERIA |
| Término de materia o nombre geográfico como elemento de entrada |
Libros |
| Subdivisión de forma |
Reseñas |
| 9 (RLIN) |
10697 |
| 651 #4 - PUNTO DE ACCESO ADICIONAL DE MATERIA--NOMBRE GEOGRÁFICO |
| Nombre geográfico |
República Dominicana |
| Subdivisión general |
Historia |
| -- |
Ensayos, Conferencias, Etc. |
| 9 (RLIN) |
7095 |
| 830 #0 - PUNTO DE ACCESO ADICIONAL DE SERIE-TÍTULO UNIFORME |
| Título uniforme |
Historia total |
| Número de parte o sección de la obra |
9 |
| 9 (RLIN) |
23128 |
| 910 ## - DATOS DE OPCIÓN DEL USUARIO (OCLC) |
| Datos de opción del usuario |
Validado. Control de calidad EMS. |